| 000 | 00374nam a2200157Ia 4500 | ||
|---|---|---|---|
| 003 | OSt | ||
| 005 | 20240120120300.0 | ||
| 008 | 170524s9999 xx 000 0 und d | ||
| 020 | _a 9786013222950 | ||
| 040 | _cIIMT UNIVERSITY | ||
| 100 | _aBansal | ||
| 245 | 0 | _aText Book of Fluid Mechanics and Hydraulic | |
| 260 | _bLaxmi New Delhi | ||
| 260 | _c2008 | ||
| 942 |
_2ddc _c02 |
||
| 999 |
_c5548 _d5548 |
||